[Event "Managua Bayardo Muniz Memorial 5th"]
[Site "Managua"]
[Date "2023.03.19"]
[Round "6"]
[White "Vallecillo, Saul"]
[Black "Valle Alonso, Moises Abraham"]
[Result "1-0"]
[WhiteElo "1884"]
[BlackElo "1838"]
[PlyCount "67"]
[EventDate "2023.03.10"]
[EventType "tourn"]
[EventRounds "9"]
[EventCountry "NCA"]
[SourceTitle "EXT 2024"]
[Source "ChessBase"]
[SourceDate "2023.10.10"]
[SourceVersion "1"]
[SourceVersionDate "2023.10.10"]
[SourceQuality "1"]

1. e4 c5 2. d4 cxd4 3. c3 dxc3 4. Nxc3 e6 5. Nf3 Nc6 6. Bc4 a6 7. 0-0 Qc7 8. Qe2 d6 9. Be3 Nf6 10. Rac1 Qa5 11. Rfd1 Be7 12. Bf4 Ne5 13. Bb3 0-0 14. Bd2 Qd8 15. Nxe5 dxe5 16. Be3 Qe8 17. Bb6 Bd7 18. Bc7 Bc6 19. Bxe5 Rd8 20. Rxd8 Qxd8 21. Rd1 Qa5 22. Bd4 e5 23. Be3 Nxe4 24. Nxe4 Bxe4 25. Bd2 Bb4 26. Qxe4 Bxd2 27. Qxb7 Bb4 28. Bc4 Bc5 29. Qd5 Qb6 30. Qxe5 Bxf2+ 31. Kh1 Bc5 32. Rf1 Bd4 33. Rxf7 Bxe5 34. Rf6+ 1-0

[Event "NCA-ch Fase 2"]
[Site "Managua"]
[Date "2022.01.29"]
[Round "4"]
[White "Vallecillo, Saul"]
[Black "Martinez Thomas, Gregory Aubrey"]
[Result "1-0"]
[WhiteElo "1836"]
[BlackElo "1461"]
[PlyCount "63"]
[EventDate "2022.01.22"]
[EventType "swiss"]
[EventRounds "9"]
[EventCountry "NCA"]
[SourceTitle "CBM 207 Extra"]
[Source "ChessBase"]
[SourceDate "2022.05.31"]
[SourceVersion "1"]
[SourceVersionDate "2022.05.31"]
[SourceQuality "1"]

1. e4 e5 2. Nf3 Nc6 3. Bc4 Bc5 4. c3 Nf6 5. d4 exd4 6. cxd4 Bb4+ 7. Nc3 Nxe4 8. 0-0 Bxc3 9. d5 Bf6 10. Re1 d6 11. dxc6 0-0 12. Rxe4 bxc6 13. Bb3 Re8 14. Qe2 Bf5 15. Rxe8+ Qxe8 16. Be3 Qe4 17. Re1 Re8 18. Qd2 Qd3 19. Bxa7 Rxe1+ 20. Qxe1 Qe4 21. Qxe4 Bxe4 22. Bd4 c5 23. Bxf6 gxf6 24. Kf1 d5 25. Ke2 c4 26. Ba4 c5 27. Bc6 Kf8 28. Ne1 Ke7 29. f3 Bb1 30. Bxd5 Bxa2 31. Nc2 Kd6 32. Ne3 1-0

[Event "NCA-chT 1st Stage"]
[Site "Managua"]
[Date "2020.10.04"]
[Round "4.16"]
[White "Cortez Ruiz, Luis Miguel"]
[Black "Vallecillo, Saul"]
[Result "0-1"]
[WhiteElo "1557"]
[BlackElo "1815"]
[PlyCount "48"]
[EventDate "2020.10.03"]
[EventType "team-swiss"]
[EventRounds "9"]
[EventCountry "NCA"]
[SourceTitle "EXT 2022"]
[Source "ChessBase"]
[SourceDate "2021.10.06"]
[SourceVersion "1"]
[SourceVersionDate "2021.10.06"]
[SourceQuality "1"]

1. d4 d5 2. Bf4 e6 3. Nf3 c5 4. e3 Nc6 5. Nc3 a6 6. Be2 Nf6 7. 0-0 Bd6 8. Bxd6 Qxd6 9. a3 0-0 10. Bd3 e5 11. dxe5 Nxe5 12. Nxe5 Qxe5 13. Re1 Bd7 14. f4 Qe7 15. Nxd5 Nxd5 16. Bxh7+ Kxh7 17. Qxd5 Bc6 18. Qh5+ Kg8 19. Rad1 Rad8 20. Kf2 Qe4 21. Qf3 Qxc2+ 22. Qe2 Qxe2+ 23. Kxe2 Bxg2 24. Kf2 Be4 0-1

[Event "Managua Torre del Rey op"]
[Site "Managua"]
[Date "2020.09.27"]
[Round "8"]
[White "Ortiz, Marcos"]
[Black "Vallecillo, Saul"]
[Result "1/2-1/2"]
[WhiteElo "2191"]
[BlackElo "1815"]
[PlyCount "47"]
[EventDate "2020.09.19"]
[EventType "swiss"]
[EventRounds "9"]
[EventCountry "NCA"]
[SourceTitle "EXT 2021"]
[Source "ChessBase"]
[SourceDate "2020.10.23"]
[SourceVersion "1"]
[SourceVersionDate "2020.10.23"]
[SourceQuality "1"]

1. e4 c5 2. Nf3 e6 3. d4 cxd4 4. Nxd4 a6 5. c4 Qc7 6. Nc3 Nc6 7. Nxc6 dxc6 8. Bd3 e5 9. 0-0 Nf6 10. h3 Be6 11. Qe2 Bc5 12. Kh1 Rd8 13. Rb1 Qd7 14. Bc2 Bxh3 15. Rd1 Qc8 16. Rxd8+ Kxd8 17. Qd3+ Bd7 18. Be3 Bxe3 19. Qxe3 Qc7 20. c5 Be6 21. Qg5 Rg8 22. Rd1+ Kc8 23. b4 h6 24. Qh4 1/2-1/2

[Event "NCA-chT final"]
[Site "Managua"]
[Date "2019.11.10"]
[Round "7.4"]
[White "Vallecillo, Saul"]
[Black "Guido, Rene"]
[Result "0-1"]
[WhiteElo "1802"]
[BlackElo "1858"]
[PlyCount "42"]
[EventDate "2019.10.26"]
[EventType "team-tourn"]
[EventRounds "11"]
[EventCountry "NCA"]
[SourceTitle "EXT 2021"]
[Source "ChessBase"]
[SourceDate "2020.10.23"]
[SourceVersion "1"]
[SourceVersionDate "2020.10.23"]
[SourceQuality "1"]
[WhiteTeam "Yader Cabrera"]
[BlackTeam "Clemente Guido"]
[WhiteTeamCountry "NCA"]
[BlackTeamCountry "NCA"]

1. e4 c5 2. d4 cxd4 3. c3 dxc3 4. Nxc3 Nc6 5. Nf3 d6 6. Bc4 e6 7. 0-0 Nf6 8. Qe2 Be7 9. Rd1 Qa5 10. Nb5 0-0 11. Nxd6 Rd8 12. Bf4 Qh5 13. h3 a6 14. Rac1 Ne8 15. Nxc8 Raxc8 16. Rxd8 Rxd8 17. Bxa6 bxa6 18. Rxc6 a5 19. Qb5 h6 20. Bc7 Nxc7 21. Rxc7 Rd1+ 0-1

[Event "Managua Gomez Argenal Memorial 19th"]
[Site "Managua"]
[Date "2019.06.16"]
[Round "9"]
[White "Vallecillo, Saul"]
[Black "Ruiz Treminio, Bismark"]
[Result "1-0"]
[WhiteElo "1887"]
[BlackElo "1133"]
[PlyCount "43"]
[EventDate "2019.06.16"]
[EventType "swiss"]
[EventRounds "9"]
[EventCountry "NCA"]
[SourceTitle "EXT 2020"]
[Source "ChessBase"]
[SourceDate "2019.10.17"]
[SourceVersion "1"]
[SourceVersionDate "2019.10.17"]
[SourceQuality "1"]

1. e4 d5 2. Nf3 Bg4 3. e5 e6 4. d4 c5 5. Bb5+ Nd7 6. c3 a6 7. Bd3 g6 8. h3 Bf5 9. Bxf5 gxf5 10. 0-0 c4 11. Re1 Be7 12. Nbd2 Qc7 13. Nf1 f6 14. exf6 Ngxf6 15. Rxe6 Ne4 16. Bg5 Ndf6 17. Bxf6 Nxf6 18. Ng3 0-0-0 19. Nxf5 Rd7 20. Ne5 Rf8 21. Nxd7 Qxd7 22. Nxe7+ 1-0

[Event "Managua Gomez Argenal Memorial 19th"]
[Site "Managua"]
[Date "2019.06.08"]
[Round "4"]
[White "Lopez Lopez, Manuel"]
[Black "Vallecillo, Saul"]
[Result "0-1"]
[WhiteElo "1451"]
[BlackElo "1887"]
[PlyCount "40"]
[EventDate "2019.06.16"]
[EventType "swiss"]
[EventRounds "9"]
[EventCountry "NCA"]
[SourceTitle "EXT 2020"]
[Source "ChessBase"]
[SourceDate "2019.10.17"]
[SourceVersion "1"]
[SourceVersionDate "2019.10.17"]
[SourceQuality "1"]

1. e4 c5 2. Nf3 e6 3. Nc3 a6 4. d4 cxd4 5. Nxd4 Qc7 6. Nce2 Nf6 7. Ng3 b5 8. Bd3 Bb7 9. 0-0 Nc6 10. c3 Rd8 11. Bg5 Be7 12. Qe2 h6 13. Be3 Ne5 14. Bf4 g5 15. Bd2 Nc4 16. Bxc4 Qxc4 17. Qxc4 bxc4 18. f4 g4 19. f5 Bc5 20. Rae1 e5 0-1